000 00767cab a2200265 4500
001 ABS58635
008 090401t1998 xxu||||| |||| 00| 0 eng d
035 _a(Sirsi) u85508
041 _aeng
100 _aGriffiths, G.
245 _aAs easy as ABC?
260 _c1998
350 _a0
490 _aThe Valuer
_vMarch/April 1998, 22(1)
520 _aUpdates the complicated issue of whether a chattel becomes a fixture or not, following three recent case decisions.
650 _aAIRCOOL INSTALLATIONS V BRITISH TELECOMMUNICATIONS
650 _aCHATTELS
650 _aELITESTONE LTD V MORRIS
650 _aFIXTURE
650 _aFIXTURES
650 _aTSB BANK V BOTHAM
690 _aPROPERTY LAW AND PRACTICE
942 _n0
948 _c08/04/1998
999 _c53771
_d53771